Statistiken für Deutsche Naturwunder

Klicken Sie hier um das Quiz zu spielen!

Allgemein

  • Dieses Quiz wurde 115 mal gespielt
  • Das Durchschnittsergebnis liegt bei 7 aus 16

Antwortstatistiken

Antwort% Korrekt
Wattenmeer
87%
Lüneburger Heide
66%
Rügen
59%
Helgoland
53%
Spreewald
53%
Bodensee
51%
Schwarzwald
51%
Sächsische Schweiz
48%
Saarschleife
42%
Bayrischer Wald
40%
Eifel
33%
Müritz
33%
Loreley
32%
Erzgebirge
29%
Allgäu
26%
Externsteine
26%

Verteilung der Resultate

Perzentil nach korrekt beantworteten Fragen

Anzahl Personen mit jedem Resultat

Ihre Resultats-Entwicklung

Sie haben dieses Quiz noch nicht gespielt